MDQL
is popping MORE tags! Check the
thread
!
Quizzes
Events
Quiz Creation
Community
Videos
Private Events
Remove Ads
Sign In
Join for FREE
Feedback
Dark Mode
Quiz Categories
Sports
Geography
Music
Movies
Television
Just For Fun
Miscellaneous
History
Literature
Language
Science
Gaming
Entertainment
Religion
Holiday
For Kids
Quiz Lab
Recent
Popular Today
Quiz Kudos Today
Editor Picks
Curator Picks
Quizzes by...
Day
Popularity
Type
Ratings
Length
Year
Community
Subscriptions
Recent Discussions
Orange Saloon
Badges
Playlists
Quests
Create
Leaderboards
Showdown
Live 5
Trivia Bingo
Activity
Puzzle Library
Sporcle Events
Private Events
Virtual Trivia
Globe League
Become a Host
Pub Owners
SporcleCon
Opinionation
Our Games
Videos
Blog
Mobile Apps
Partnerships
Remove Ads and Go Orange
Feedback
Music
Pop Music
The Beatles
Song
Album
Lyrics
Bands
Singers
Artist
Clip
Rock
Rap
Classical
Billboard
Country Music
Kpop
Taylor Swift
Music
Pop Music
The Beatles
Song
Album
Lyrics
Bands
Singers
Artist
Clip
Rock
Rap
Classical
Billboard
Country Music
Kpop
Taylor Swift
Random Quiz
Search Sporcle
×
Quiz Lab
Quiz Lab
Music
Released
Type in answers that appear in a list
Type in answers that appear in a list
Classic
Best Score? Go Orange.
Name the Beatles A Side Stats
Can you name the Name the Beatles A Side when given the B side??
By
nester
8m
26 Questions
35 Plays
35 Plays
35 Plays
Comments
Comments
Give Quiz Kudos
Give Quiz Kudos
-
- Ratings
hide this ad
More Info
Forced Order
Answers have to be entered in order
Answers have to be entered in order
Random Order
Randomize order of answers
Randomize order of answers
Replay
Link that replays current quiz
Next Quiz
Link to next quiz in quiz playlist
You Got
0%
They Got
Avg Score
70%
Avg Friend Score
Upgrade to see
Score Distribution
Jump to the score distribution portion of the page
Score
0/26
Timer
08:00
0
Plays Today
B Side
A Side
% Correct
Rain
Paperback Writer
88.2%
P.S. I Love You
Love Me Do
85.3%
Revolution
Hey Jude
82.4%
I Am The Walrus
Hello, Goodbye
82.4%
Baby You're A Rich Man
All You Need Is Love
82.4%
Don't Let Me Down
Get Back
79.4%
You Know My Name (Look Up The Number)
Let it Be
76.5%
Double A Side
Penny Lane
73.5%
Double A Side
Something
73.5%
The Inner Light
Lady Madonna
73.5%
This Boy
I Want to Hold Your Hand
70.6%
Things We Said Today
A Hard Day's Night
70.6%
Double A Side
We Can Work It Out
70.6%
B Side
A Side
% Correct
Old Brown Shoe
The Ballad of John and Yoko
70.6%
I'm Down
Help
67.6%
Double A Side
Eleanor Rigby
67.6%
She's A Woman
I Feel Fine
64.7%
Double A Side
Yellow Submarine
64.7%
Double A Side
Day Tripper
64.7%
Yes It Is
Ticket to Ride
64.7%
Ask Me Why
Please Please Me
61.8%
Double A Side
Come Together
61.8%
She's A Woman
I Feel Fine
61.8%
Double A Side
Strawberry Fields Forever
61.8%
You Can't Do That
Can't Buy Me Love
58.8%
Thank You Girl
From Me To You
55.9%
Quiz Playlist
Details
Report
Send in Message
Add To Playlist
More Info:
Original British singles only, excluding Tony Sheridan recordings.
Classic:
Type in answers that appear in a list
Forced Order:
Answers have to be entered in order
Random Order:
Randomize order of answers
Quiz Source
Last Updated: Feb 16, 2017
Quiz Scoreboard
CHALLENGE
Sign Up to Join the Scoreboard
Show All
Scores
Hide
Comments
May contain spoilers
Recently Published
Two Season TV Shows II
by 123Four
Television
10m
Image Sorting: Flags VI
by Barbecue
Geography
2m
Find the 'City' Movie
by crazypaving
Movies
60s
More to Explore
Quiz From the Vault
Featured Blog Post
14 Easter Pick-up Lines to Find Eggs With
hide this ad
You Might Also Like...
Tags
aside
Released
side
Today's Top Quizzes in Music
Browse Music
hide this ad
Today's Top Quizzes in Released
Browse Released
Top Contributed Quizzes in Music
1
5X2 Blitz: Bands II
2
5X2 Blitz: The Beatles
3
Taylor Swift All Songs (2024)
4
5X2 Blitz: Billboard
5
5X2 Blitz: Billboard II
6
5X2 Blitz: Album
7
5X2 Blitz: Rock
8
5X2 Blitz: Singers
9
Music Artist by Three 2010s hits
10
5X2 Blitz: Lyrics
Explore More
Trending Topics
Anime
Crossword
Marvel
Harry Potter
NBA
Disney
Kpop
Puzzle
NFL
The Office
Soccer
Country
WWE
Pokémon
Song
hide this ad
More By:
nester
Quiz
Plays
Rating
Category
Featured
Created
Nintendo games by quote
665
2.70
Gaming
Aug 17, 2010
Name the Beatles A Side
35
2.00
Music
Dec 14, 2011
Go to Creator's Profile
Score Distribution
Quiz Creator Spotlight
nester
Follow
Send a Message
Quizzes Created
-
Created Quiz Play Count
-
More By This Creator
Popular Quizzes Today
1
Colored Red Africa Blitz
2
Find the US States - No Outlines Minefield
3
Find the 'City' Movie
4
5x2 Blitz: Bands
5
The Countries of the World
6
Find the US States
7
Find the Countries of Europe - No Outlines Minefield
8
US States
More Music Quizzes
Please Please Me by First 4 Words
Published
Trending Quizzes
Colored Red Europe Blitz I
Colored Red Africa Blitz II
Colored Red Europe Blitz II
Colored Red Africa Blitz III
Colored Red Europe Blitz III
Recently Updated
How Do You Spell That?
pecheneg
Godzilla Movies
pecheneg
Grab Bag: 4-10 Letters
pecheneg
2024 March Madness Bracket
pecheneg
Famous TV Couples
Peacemaker
Champions League XIs: Real Madrid
pecheneg
Largest US Cities 1790-2010
pecheneg
Rides in Walt Disney World
pecheneg
Most Oscar Losses (Acting)
pecheneg
Beyoncé Albums
pecheneg
Trending Topics
Marvel
Crossword
Anime
NBA
Harry Potter
Kpop
Disney
Puzzle
NFL
WWE
Soccer
The Office
Song
Pokémon
Country
Your Account Isn't Verified!
In order to create a playlist on Sporcle, you need to verify the email address you used during registration. Go to your
Sporcle Settings
to finish the process.
Report this User
Report this user for behavior that violates our
Community Guidelines
.
Details:
Send Report
Go to the Sporcle.com Mobile Site →
Comments